| 000 | 00627nam a22001697a 4500 | ||
|---|---|---|---|
| 008 | 230329b |||||||| |||| 00| 0 eng d | ||
| 020 | _a978-0-387-73797-3 | ||
| 040 |
_aNational Science Library _cNational Science Library |
||
| 080 |
_aD 681.324(082.2) _bP7 |
||
| 245 |
_aEstablishing the foundation of collaborative networks _c/IFIP TC 5 WG 5.5 eighth working conference on virtual enterprises September 10-12, 2007 Guimaraes, Portugal |
||
| 260 |
_aNew York: _bSpringer _c2007 |
||
| 300 | _axv, 689p. | ||
| 650 | _aNetwork | ||
| 653 | _aVirtual enterprises | ||
| 700 | _aMatos, Luis M Camarinha (Ed.) | ||
| 942 |
_2udc _cPR |
||
| 999 |
_c16276 _d16276 |
||